| 000 | 00611nam a2200145Ia 4500 | ||
|---|---|---|---|
| 008 | 170221s9999 xx 000 0 und d | ||
| 100 | _aZinaida Petrovna Larskikh | ||
| 245 | 4 | _aThe Main Trends for Arranging Project Activities in Practice of the Modern Elementary School | |
| 245 | _cZinaida Petrovna Larskikh, Irina Gennadievna Almazova, Svetlana Nikolaevna Chislova, Valentine Alexandrovna Chibuhashvili | ||
| 260 | _bInternational Review of Management and Marketing | ||
| 260 | _cJune 2012 | ||
| 300 | _a4:1 | ||
| 650 | _xMarketing. | ||
| 856 | _uhttp://www.econjournals.com/index.php/irmm/issue/view/75 | ||
| 999 |
_c310456 _d310456 |
||